00238nam a2200097Ia 4500008004100000082002000041100002200061245002000083260002900103300000800132150731s2000 xx 000 0 und d a615.535bP 00 B aBHARTIYA YOGA PUB aPRANAYAM VIGYAN bBHARTIYA YOGA PUB.c2000 a120